Parole Le renouveau 2 (Disney) reine des neiges - Statistiques

Statistiques générales
  • Ce quiz a été pris 243 fois
  • Le résultat moyen est 189 sur 269
Statistiques - réponses
Hint Réponse % Correct
96 à
93%
13 | 92 t'
92%
178 j'
91%
17 | 31 | 172 | 193 le
91%
90 | 162 | 245 Le
91%
20 | 104 m'
91%
43 | 53 | 65 | +4 others ce
90%
221 | 242 Ce
90%
7 | 40 | 125 | 174 je
90%
12 | 50 | 101 Je
90%
1 N'
89%
8 | 28 | 168 | +2 others n'
89%
44 | 54 | 78 renouveau
89%
196 renouveau...
89%
81 ma
88%
4 | 19 | 33 | +5 others de
87%
42 | 52 | 76 | 194 fêter
87%
58 | 158 dans
86%
46 va
86%
25 | 37 | 59 | 97 la
84%
56 | 80 | 95 | 119 toi
84%
241 toi !
84%
5 | 34 | 133 me
83%
111 Me
83%
3 | 10 | 24 | +7 others pas
83%
135 pas ?
83%
27 | 74 | 121 | +2 others tu
83%
67 | 136 | 155 | +2 others Tu
83%
187 es
82%
55 | 79 avec
81%
190 | 218 qu'
81%
127 te
81%
41 | 51 | 106 veux
81%
14 | 105 | 179 | 186 en
80%
88 | 147 | 169 | 223 est
79%
116 | 120 et
78%
22 | 103 Ne
78%
68 | 126 | 132 | +3 others ne
78%
82 soeur.
78%
85 | 144 | 252 | 1401 au
77%
29 | 156 as
76%
142 Moi
76%
209 moi
76%
87 | 164 tout
76%
100 mais...
75%
114 mais
75%
166 | 182 Mais
75%
45 qui
75%
18 | 153 temps
75%
39 | 73 Car
74%
261 des
74%
152 du
73%
57 main
73%
60 main.
73%
94 ouvre
73%
11 peur !
73%
72 | 207 peur...
73%
254 sort
73%
117 | 201 délivrée !
72%
146 Arendelle
71%
32 droit
71%
148 figée,
71%
149 figée
71%
150 figée...
71%
124 Non,
71%
130 Non
71%
258 Non !
71%
75 | 249 vas
71%
151 Hors
70%
176 peux
70%
26 porte
70%
183 | 224 si
70%
109 vous
70%
83 Anna.
69%
243 sera
69%
38 sorte.
69%
141 courant.
68%
145 courant ?
68%
128 | 134 crois
68%
35 fuir
68%
199 libérée
68%
61 | 259 Nous
68%
62 | 215 | 255 nous
68%
110 quitter.
68%
86 royaume
68%
113 seule
68%
180 suis
68%
159 un
68%
93 attend
67%
173 dégel
67%
98 vie
67%
188 capable !
66%
47 changer
66%
23 claque
66%
69 dois
66%
165 entier ?
66%
89 fini.
66%
160 | 267 hiver
66%
181 incapable
66%
157 plongé
66%
70 | 205 | 237 plus
66%
171 provoque
66%
112 voilà
66%
71 avoir
65%
49 destin.
65%
191 | 219 il
65%
154 Comment ?
64%
210 comment
64%
163 pays
64%
84 Rentre
64%
9 ai
63%
118 Éloigne
63%
161 éternel...
63%
102 sais !
63%
123 sauvée.
63%
138 sembles
63%
122 seras
63%
91 | 246 soleil
63%
48 ton
63%
198 | 200 Ni
61%
66 fardeau !
60%
115 libre
60%
197 Oh
60%
170 rien
60%
99 oui
59%
192 faut
58%
220 faut !
58%
189 Parce
53%
250 souffrir !
53%
213 désespérer.
51%
63 libérerons
51%
236 ont
51%
231 Toutes
51%
208 Dites
49%
222 don
49%
244 pire !
49%
234 promesses
48%
239 sens !
48%
233 belles
47%
225 intense !
47%
15 prie
47%
266 cet
46%
226 Pour
44%
21 écouter !
43%
16 prends
43%
232 ses
43%
184 voyons
43%
227 sortir
42%
229 cette
40%
206 jamais
40%
204 auras
38%
269 Adieu !!
32%
247 reviendra
32%
216 ferons
26%
2 essaye
25%
214 Ensemble
23%
240 Rassure
23%
230 torpeur.
23%
256 sommes
19%
257 deux !
15%
268 disparaîtra !
14%
263 heureux !
14%
262 jours
14%
6 protéger,
14%
264 Ah
13%
251 Face
13%
253 mauvais
13%
265 Quand
13%
260 revivrons
12%
Aucun quiz correspondant
Distribution des résultats
% des personnes avec chaque résultat
Percentile par nombre de réponses
Votre historique - résultats
Vous n’avez pas pris ce quiz